Журналистика / (Record no. 218188)
[ view plain ]
| 000 -LEADER | |
|---|---|
| fixed length control field | 00953nam a2200205 u 4500 |
| 001 - CONTROL NUMBER | |
| control field | 000628264 |
| 003 - CONTROL NUMBER IDENTIFIER | |
| control field | AM-YeHGA |
| 005 - DATE AND TIME OF LATEST TRANSACTION | |
| control field | 20250617140334.0 |
| 008 - FIXED-LENGTH DATA ELEMENTS--GENERAL INFORMATION | |
| fixed length control field | 090202s1971 |||||| |||||||||||||rus|c |
| 040 ## - CATALOGING SOURCE | |
| Original cataloging agency | AM-YeHGA |
| 041 0# - LANGUAGE CODE | |
| Language code of text/sound track or separate title | rus |
| 090 ## - LOCALLY ASSIGNED LC-TYPE CALL NUMBER (OCLC); LOCAL CALL NUMBER (RLIN) | |
| -- | 219716 |
| 245 00 - TITLE STATEMENT | |
| Title | Журналистика / |
| Statement of responsibility, etc. | М-во высш. и сред. спец. образ. КазССР ; Казахский гос. ун-т им. С.М. Кирова ; Редкол.: С.С. Матвиенко (отв. ред.) и др. |
| 260 ## - PUBLICATION, DISTRIBUTION, ETC. | |
| Place of publication, distribution, etc. | Алма-Ата : |
| Name of publisher, distributor, etc. | Изд. КазГУ, |
| Date of publication, distribution, etc. | 1971. |
| 300 ## - PHYSICAL DESCRIPTION | |
| Extent | вып. |
| 505 10 - FORMATTED CONTENTS NOTE | |
| Miscellaneous information | Вып. 1(3) (1971, 162 с.) |
| -- | Вып. 4(6) (1974, 218 с.) |
| -- | Вып. 5 (1973, 151 с.) |
| -- | Вып. 5(7) (1975, 200 с.) |
| -- | Вып. 6(8) (1976, 201 с.) |
| 650 14 - SUBJECT ADDED ENTRY--TOPICAL TERM | |
| Topical term or geographic name entry element | Журналистика |
| 700 1# - ADDED ENTRY--PERSONAL NAME | |
| Personal name | Матвиенко, С.С |
| Relator term | ред. |
| Relationship | edt |
| 710 2# - ADDED ENTRY--CORPORATE NAME | |
| Corporate name or jurisdiction name as entry element | Казахский государственный университет им. С.М. Кирова |
| Withdrawn status | Lost status | Damaged status | Not for loan | Collection | Home library | Current library | Date acquired | Serial enumeration / chronology | Total checkouts | Full call number | Barcode | Date last seen | Price effective from | Koha item type | Public note |
|---|---|---|---|---|---|---|---|---|---|---|---|---|---|---|---|
| General | Fundamental Scientific Library | Fundamental Scientific Library | 29/12/2016 | Вып. 5(7) | PII/364486 | FL0329428 | 29/12/2016 | 29/12/2016 | Գրքեր / Books | 30 Days Loan | |||||
| Fundamental Scientific Library | Fundamental Scientific Library | 29/12/2016 | PII/330673 | FL0261496 | 29/12/2016 | 29/12/2016 | Գրքեր / Books | 30 Days Loan |
ՀՀ Գիտությունների ազգային ակադեմիայի հիմնարար գիտական գրադարան = Fundamental Scientific Library of NAS RA
All site content, except where otherwise noted, is licensed under a